[Event "Akureyri"]
[Site "Akureyri"]
[Date "1994.??.??"]
[Round "?"]
[White "Hjartarson, Johann"]
[Black "Danielsen, Henrik"]
[Result "1-0"]
[WhiteElo "2595"]
[BlackElo "2480"]
[Annotator "Hansen,LB"]
[PlyCount "65"]
[EventDate "1994.02.??"]
[EventType "tourn"]
[EventRounds "11"]
[EventCountry "ISL"]
[EventCategory "10"]
[SourceTitle "CBM 040"]
[Source "ChessBase"]
[SourceDate "1994.06.01"]
[SourceVersion "1"]
[SourceVersionDate "1994.06.01"]
[SourceQuality "1"]

1. d4 Nf6 2. c4 e6 3. Nf3 b6 4. g3 Bb7 5. Bg2 Bb4+ 6. Bd2 Bxd2+ {a simple and
solid line,against which it is not easy for White to obtain more than a slight
edge.Hjartarson`s play in this game is very impressive.} 7. Qxd2 O-O 8. Nc3 d6
9. O-O (9. Qc2 $5 Qe7 (9... c5 $5 10. d5 $1 exd5 11. Ng5 $6 (11. Nh4 $5 {
Aljechin}) 11... Na6 12. cxd5 Re8 13. O-O h6 14. Nh3 b5 $1 15. Nxb5 Nb4 16. Qd2
Bxd5 17. Bxd5 Nbxd5 18. Nc3 Nxc3 19. bxc3 Qa5 $15 {Psakhis,L-Larsen,B/Hastings/
1987/}) 10. O-O Nbd7 (10... c5 11. Rad1 (11. e4 $1 $14 {Aljechin}) 11... cxd4
12. Nxd4 Bxg2 13. Kxg2 Rc8 $1 14. Qd3 Nbd7 $6 (14... Nc6 $1 $10 {Aljechin}) 15.
Nf3 $1 Ne5 16. Nxe5 dxe5 17. Qf3 $1 Rab8 18. b3 $16 {Euwe,M-Reshevsky,S/
Nottingham/1936/}) 11. e4 Rac8 $6 12. Rfe1 e5 13. Rad1 c6 14. Nh4 $1 $146 (14.
Qa4 $6 Rc7 15. Qa3 Re8 16. b3 g6 17. dxe5 dxe5 18. Qxe7 Rxe7 $10 {Reshevsky,
S-Keres,P/Semmering/1937/}) 14... g6 15. Qd2 Rcd8 16. f4 $1 Nh5 17. dxe5 dxe5
18. Qd6 $1 $16 {Nesis,G-Sloth,J/corr/1985/}) 9... Ne4 10. Nxe4 Bxe4 11. Rfd1 $5
$146 (11. Ne1 Bxg2 12. Nxg2 Nd7 (12... c6 13. Rac1 Nd7 14. e4 Rc8 15. Rfe1 Re8
16. Ne3 Nf6 17. f3 Re7 18. Red1 d5 19. e5 Ne8 20. c5 f5 21. Ng2 Rb7 22. Nf4 $14
{Browne,W-Huebner,R/Tilburg/1978/}) 13. e4 e5 14. Ne3 Nf6 15. f3 c5 16. dxe5
dxe5 17. Rad1 Qxd2 18. Rxd2 Rfd8 19. Rfd1 Rxd2 20. Rxd2 g6 21. Kf2 Kf8 22. Nd5
Rd8 23. Ke3 Nxd5+ {1/2;Capablanca,J-Nimzowitsch,A/New York/1927/}) (11. Qf4 Bb7
12. e4 Nd7 13. Rfe1 Qe7 14. Rad1 e5 15. Qd2 Rae8 $6 16. dxe5 Nxe5 17. Nd4 $1 g6
18. f4 $1 Nxc4 19. Qc3 c5 20. Qxc4 cxd4 21. Qxd4 $16 {Eingorn,V-Kharitonov,A/
Lvov URS-ch/1984/}) 11... Qe7 (11... Nd7 $5) 12. Qe3 Bb7 13. b4 $14 Nd7 $6 (
13... a5 $5 14. a3 Nd7) 14. d5 e5 15. Nd4 $1 g6 16. a4 $1 a5 17. Nc6 Bxc6 (
17... Qf6 18. bxa5 bxa5 19. Qc3 Bxc6 20. dxc6 Nc5 21. Rdb1 $16 {/\Rb5 X a5})
18. dxc6 Nf6 19. c5 $1 bxc5 (19... axb4 20. cxb6 cxb6 21. Qb3 $1 $16) 20. bxc5
Rfd8 21. cxd6 Rxd6 22. Rxd6 Qxd6 23. Rb1 $16 {/\Rb5 X a5,e5} h5 24. h3 e4 {
>< /^a1-h8} 25. Qc3 Kh7 $6 {>< f7} 26. Qc4 Qe7 27. Rb5 h4 28. g4 Rd8 (28... e3
29. f4 $16 {/\Re5}) 29. e3 Rd1+ 30. Bf1 Ne8 31. Rxa5 $18 f5 32. Rd5 Nd6 33.
Rxd1 $1 (33. Rxd1 Nxc4 34. Rd7 Qg7 35. Bxc4 $18) 1-0

[Event "Olympiad-31"]
[Site "Moscow"]
[Date "1994.12.02"]
[Round "2.1"]
[White "Rogers, Ian"]
[Black "Gulko, Boris F"]
[Result "1/2-1/2"]
[WhiteElo "2560"]
[BlackElo "2590"]
[Annotator "Hecht,H"]
[PlyCount "166"]
[EventDate "1994.12.01"]
[EventType "team-swiss"]
[EventRounds "14"]
[EventCountry "RUS"]
[SourceTitle "CBM 045"]
[Source "ChessBase"]
[SourceDate "1995.04.01"]
[SourceVersion "1"]
[SourceVersionDate "1995.04.01"]
[SourceQuality "1"]
[WhiteTeam "Australia"]
[BlackTeam "US of America"]
[WhiteTeamCountry "AUS"]
[BlackTeamCountry "USA"]

1. d4 Nf6 2. c4 e6 3. Nf3 b6 4. g3 Bb7 5. Bg2 Bb4+ 6. Nbd2 O-O 7. O-O d5 8.
cxd5 exd5 9. Ne5 Bd6 10. Ndf3 Ne4 11. Bf4 c5 12. Rc1 Re8 13. Nd3 c4 14. Nde5 f6
15. Ng4 Bxf4 16. gxf4 b5 17. Nd2 Nc6 18. Nxe4 dxe4 19. b3 Nxd4 20. bxc4 Rc8 21.
Rb1 Rxc4 22. Ne3 Rc7 23. Rb2 Rd7 24. Qb1 Qc7 25. Bh3 f5 26. Bxf5 Rf7 27. Bh3
Qxf4 28. Rd2 Qg5+ 29. Kh1 Rxf2 30. Rxd4 Qxe3 31. Qxb5 Rxf1+ 32. Bxf1 Rf8 33.
Qc4+ Kh8 34. Bg2 Ba6 35. Qc5 Qf2 36. Rd5 Qe1+ 37. Qg1 Qxe2 38. Rd7 Qg4 39. Rxa7
Bd3 40. h3 Qg5 41. Qf2 Kg8 42. Qb6 Qe5 43. Qb3+ Kh8 44. Qa3 Re8 45. Ra8 h6 46.
Rxe8+ Qxe8 47. Kg1 Qe5 48. Bf1 Kh7 49. Qf8 Kg6 50. Qf2 Qa1 51. Qf4 e3 52. Qd6+
Kf7 53. Qxd3 Qxa2 54. Qxe3 {After a Q-exchange there is the interesting
endgame 'wrong'B <-> Pg7/Ph6} Qd5 55. Bd3 (55. Qf4+ Kg6 $5 (55... Ke7 56. Bc4
Qg5+ $2 (56... Qd1+ 57. Kg2 Qc2+ 58. Kg3 Qc3+ 59. Kg4 h5+ (59... Qf6 60. Qxf6+
Kxf6 61. Kh5 Kf5 62. Bd3+ Kf6 (62... Kf4 63. Kg6 Kg3 64. Bf5 Kh4 65. Bc8 Kg3
66. Kxg7 h5 67. Kf6 h4 68. Kg5 $18) 63. Bc2 Kf7 64. Bg6+ Kf6 (64... Kg8 65. h4
Kh8 66. Kg4 Kg8 $2 (66... h5+ $1 $10) 67. h5 Kf8 68. Kf5 (68. Bh7 $2 g6 69.
hxg6 Kg7 70. Kf5 h5 71. Kg5 h4 72. Kxh4 Kh8 $10) 68... Kg8 69. Ke6 Kf8 70. Kd7
Kg8 71. Ke7 Kh8 72. Bf7 Kh7 (72... g5 73. hxg6 Kg7 74. Ke6 h5 75. Kf5 $18) 73.
Kf8 Kh8 74. Bg8 g5 75. hxg6 h5 76. g7#) 65. h4 Ke7 66. Kg4 h5+ 67. Kxh5 Kf6 68.
Bd3 (68. Bh7 g6+ 69. Kh6 Kf7 $10) 68... Kf7 69. Bc4+ Kf6 70. Bb3 g6+ 71. Kh6
Kf5 72. Bd1 Kf6 73. Bg4 Kf7 74. Kh7 Kf6 75. Kg8 Ke5 (75... g5 76. h5 $18) 76.
Kg7 Kf4 77. Kxg6 Kxg4 78. h5 $18) 60. Kh4 (60. Kg5 Qxh3 61. Qc7+ Ke8 62. Bb5+
Kf8 63. Qd8+ Kf7 64. Bc4+ $18) 60... Qf6+ (60... Qe1+ 61. Kxh5 $18) (60... g5+
61. Qxg5+ Qf6 62. Kxh5 Qxg5+ 63. Kxg5 Kf8 64. Kf6 $18) 61. Qxf6+ Kxf6 62. Kxh5
$16) 57. Qxg5+ hxg5 58. Kg2 g6 59. Kf3 Kf6 60. Ke4 Kg7 61. Ke5 Kh6 62. Be2 Kg7
63. Ke6 Kh6 64. Kf7 Kh7 65. Kf8 Kh8 (65... Kh6 66. Kg8 g4 67. hxg4 $18) 66. Bc4
Kh7 67. Be6 Kh8 (67... Kh6 68. Kg8 Kh5 69. Kg7 $18) 68. Bg8 g4 69. hxg4 g5 70.
Be6 $18) 56. Bg2 Qc5+ 57. Kh2 $14 Qd5) 55... Qd6 56. Bc4+ Kf6 57. Qf3+ Kg5 58.
Qg4+ Kf6 59. Qh4+ Kg6 60. Qe4+ Kf6 61. Qf3+ Kg5 62. Qg2+ Kf6 63. Qf2+ Kg6 64.
Bg8 Qf6 65. Qc2+ Kg5 66. Qg2+ Kf4 67. Qf2+ Ke5 68. Qg3+ Kd4 69. h4 g5 70. Qb3
Qf4 71. Qc4+ Ke5 72. Qc5+ Kf6 73. Qf8+ Ke5 74. Qg7+ Kf5 75. Qd7+ Ke5 76. Qe6+
Kd4 77. Qd5+ Ke3 78. Qb3+ Kd4 79. Qb2+ Kc5 80. Qc3+ Kd6 81. Qa3+ Ke5 82. Qe7+
Kd4 83. Qb4+ Ke5 1/2-1/2

[Event "Enghien les Bains 4th"]
[Site "Enghien les Bains"]
[Date "2001.04.11"]
[Round "1"]
[White "Bacrot, Etienne"]
[Black "Bauer, Christian"]
[Result "1/2-1/2"]
[WhiteElo "2627"]
[BlackElo "2612"]
[Annotator "Hecht,H"]
[PlyCount "160"]
[EventDate "2001.04.11"]
[EventType "tourn"]
[EventRounds "9"]
[EventCountry "FRA"]
[EventCategory "17"]
[SourceTitle "CBM 083"]
[Source "ChessBase"]
[SourceDate "2001.07.05"]
[SourceVersion "1"]
[SourceVersionDate "2001.07.05"]
[SourceQuality "1"]

1. d4 Nf6 2. c4 e6 3. Nf3 Bb4+ 4. Bd2 Qe7 5. g3 b6 6. Bg2 Bb7 7. O-O Bxd2 8.
Qxd2 d5 9. cxd5 exd5 10. b4 O-O 11. Qb2 Nbd7 12. Rc1 c6 13. Nc3 Rfe8 14. e3 a6
15. a4 a5 16. Rab1 axb4 17. Qxb4 Ba6 18. Qxe7 Rxe7 19. Bf1 g6 20. Ne1 Kg7 21.
Bxa6 Rxa6 22. Nd3 Re6 23. Rc2 Ra5 24. Nf4 Re8 25. Kf1 g5 26. Nd3 Re6 27. Nc1
Ne4 28. Nxe4 dxe4 29. Rc4 h6 30. Nb3 Ra6 31. g4 Nf6 32. h3 Nd5 33. Rbc1 Rf6 34.
Kg2 b5 35. Nc5 Ra7 36. R4c2 bxa4 37. Ra1 Nb4 38. Rc4 Nd3 39. Nxe4 Re6 40. Kf3
Nb2 41. Rc3 Ra5 42. Nc5 Re8 43. Ra2 Rb8 44. Nd7 Nd1 45. Rcc2 Rb3 46. Nc5 Nc3
47. Ra1 Rxc5 48. dxc5 a3 49. Kg2 Kf6 50. Rd2 a2 {[#] "Alles schon mal
dagewesen", wie Ben Akiba zu sagen pflegte. Hier brauchen Sie sich nur den
c-Bauern-Widder, um mit Hans Kmoch zu sprechen, wegzudenken, und schon gibt es
eine verblüffende Ähnlichkeit mit der Nr.39 und das auch noch in ein und
derselben Endspieldatenbank. Freilich steht der Tb3 aktiver, auch wenn Tb1
wegen Tdxa2 nicht droht. das bedeutet aber, dass der weiße Td2 nicht die
zweite Reihe verlassen darf.} 51. h4 (51. f4 $5) 51... Ke5 52. h5 f5 53. gxf5
Kxf5 54. f3 g4 55. Kg3 gxf3 56. Kxf3 Ke5 57. Rc2 Kf5 58. Rg2 Ke5 59. Rf2 Kf5
60. Rc2 Ke5 61. Raxa2 Nxa2 62. Rxa2 Rb4 (62... Rc3 63. Rg2 Rxc5 64. Rg6 Rc1 65.
Rxh6 $16) 63. Rg2 Rh4 64. Rg6 Rxh5 65. Rxc6 {Der schwarze König steht nun im
Bereich beider weißer Freibauern. Üblicherweise stellt der entfernte schwarze
Freibauer ein zum Remis ausreichendes Gegengewicht dar, so auch hier.} Rh3+ 66.
Kf2 Ke4 67. Rc8 Rf3+ 68. Kg2 Rf6 69. c6 Kd5 70. e4+ Kc5 71. c7 Kc6 72. Kg3 Kd7
73. Rh8 Kxc7 74. e5 Rf1 75. Rxh6 Kd7 76. Kg4 Ke7 77. Rc6 Rg1+ 78. Kf4 Rf1+ 79.
Kg3 Rg1+ 80. Kf2 Rg5 1/2-1/2

[Event "Horgen CS"]
[Site "Horgen"]
[Date "1994.??.??"]
[Round "6"]
[White "Nikolic, Predrag"]
[Black "Kortschnoj, Viktor Lvovich"]
[Result "1/2-1/2"]
[WhiteElo "2655"]
[BlackElo "2615"]
[Annotator "Hecht,H"]
[PlyCount "143"]
[EventDate "1994.09.??"]
[EventType "tourn"]
[EventRounds "11"]
[EventCountry "SUI"]
[EventCategory "16"]
[SourceTitle "CBM 043"]
[Source "ChessBase"]
[SourceDate "1994.12.01"]
[SourceVersion "1"]
[SourceVersionDate "1994.12.01"]
[SourceQuality "1"]

1. d4 Nf6 2. c4 e6 3. Nf3 b6 4. g3 Bb7 5. Bg2 Bb4+ 6. Bd2 Bxd2+ 7. Qxd2 O-O 8.
O-O d6 9. Nc3 Ne4 10. Nxe4 Bxe4 11. Qf4 Bb7 12. e4 Nd7 13. Rfe1 a5 14. Rad1 a4
15. Nd2 e5 16. Qe3 exd4 17. Qxd4 Nc5 18. Nb1 Qd7 19. Nc3 Rae8 20. e5 Bxg2 21.
Kxg2 Re6 22. exd6 Rxd6 23. Nd5 Qd8 24. Qe5 Kh8 25. Qe7 c6 26. Nc3 Nd3 27. Re3
Kg8 28. Qxd8 Rfxd8 29. Kf1 f5 30. Nxa4 b5 31. cxb5 cxb5 32. Nc3 b4 33. Na4 f4
34. Re4 g5 35. f3 Kf7 36. b3 Kf6 37. Rd2 Kf5 38. Nb2 Nc1 39. Rxd6 Rxd6 40. Rxb4
Rd2 41. Rb5+ Kf6 42. Rb6+ Kg7 43. Nc4 Rxa2 44. gxf4 gxf4 45. Ne5 Rxh2 46. Rb7+
Kf8 47. b4 Rh1+ 48. Kg2 Re1 49. Nd7+ Ke7 50. Nc5+ Kd6 51. Rxh7 Na2 52. Rh6+ Kd5
53. Nd3 Re2+ 54. Kf1 Rd2 55. Nxf4+ Kc4 56. Ke1 Rb2 57. Rc6+ Kd4 58. Re6 Rb1+
59. Ke2 Nxb4 60. Re4+ Kc5 61. Nd3+ Nxd3 62. Kxd3 Kd5 63. Re8 Rb3+ 64. Ke2 Kd6
65. Kf2 Rb7 66. Kg3 Rg7+ 67. Kh4 Rf7 68. Kg4 Rg7+ 69. Kf5 Rf7+ $1 $8 (69... Rg3
70. f4 $1 Rf3 71. Kg5 Kd7 72. Re1 Rg3+ 73. Kf6 Rf3 74. f5 Kd8 75. Kg6 Kd7 76.
f6 Rg3+ 77. Kh7 Rf3 78. Kg7 Rf4 79. f7 Rg4+ 80. Kh8 Rf4 81. Kg8 Rg4+ 82. Kf8
Rg3 83. Rh1 Kd8 84. Rh7 Kd7 85. Rg7 Rf3 86. Kg8 $18) 70. Ke4 Rf6 71. Ke3 Kd7
72. Re4 1/2-1/2

[Event "Palma de Mallorca FIDE GP"]
[Site "Palma de Mallorca"]
[Date "2017.11.23"]
[Round "7"]
[White "Riazantsev, Alexander"]
[Black "Gelfand, Boris"]
[Result "0-1"]
[WhiteElo "2651"]
[BlackElo "2719"]
[Annotator "Hillarp Persson,T"]
[PlyCount "80"]
[EventDate "2017.11.16"]
[EventType "swiss"]
[EventRounds "9"]
[EventCountry "ESP"]
[SourceTitle "CBM 182"]
[Source "ChessBase"]
[SourceDate "2018.01.17"]
[SourceVersion "1"]
[SourceVersionDate "2018.01.17"]
[SourceQuality "1"]

1. d4 Nf6 2. c4 e6 3. g3 {This is basically an anti-Queen's-Indian move order.}
Bb4+ (3... d5 4. Nf3 {is traditionally met with Bd2, but lately there have
been many examples of strong players trying} Bb4+ 5. Nbd2 O-O 6. Bg2 {, which
is another way the game position after 6.Ngf3 can arise.}) 4. Nd2 {The knight
is not optimally placed here, which makes it worth it for Black to lose a
tempo with the bishop.} ({After} 4. Bd2 {Black can choose between the Bogo
Indian setups with a5, or ...Qe7, but is also quite possible to play} Be7 {
, intending} 5. Bg2 d5 {with a typical Catalan.}) 4... O-O 5. Bg2 d5 6. Ngf3 b6
$5 (6... dxc4 7. a3 $5 Bxd2+ 8. Bxd2 Nc6 9. e3 Rb8 10. O-O b5 11. b3 $1 cxb3
12. Qxb3 Bb7 13. Rfc1 Ne7 14. Bb4 Re8 15. Ne5 {Grischuk,A (2750)-Nakamura,H 
(2785) Moscow Grand Prix 2017, and White had a lot of pressure for the pawn.})
({The usual remedy against Nbd2, is to play} 6... c5 {, since the d5-pawn will
be less of a target than if the knight had gone to c3. Here} 7. a3 Bxd2+ 8.
Qxd2 $1 {Also looks somewhat better for White. There is no direct way for
Black to take advantage of the slight weakness of the light squares.}) 7. O-O
Bb7 {More than 10% of all games with this position were played during the last
year, so it is something of a fashionable "tabiya". Now White has a wide
choice:} 8. a3 (8. Ne5 {looks most principled, but allows Black to force
exchanges.} Nbd7 9. Qa4 Bd6 10. Nxd7 (10. Nc6 $6 Qe8) 10... Qxd7 11. Qxd7 Nxd7
12. cxd5 Bxd5 (12... exd5 {is very equal indeed, and possibly that is why
Anand avoided it.}) 13. e4 Bb7 14. Rd1 $14 {Lenderman,A (2565)-Anand, V (2790)
chess.com IoM Masters 2017}) (8. cxd5 exd5 9. Ne5 Re8 10. Ndf3 $6 Ne4 {and
White will soon have to retreat the knight from e5, while the Ne4 will
dominate the game for a long time.}) (8. b3 {is a harmonious move that makes a
lot of sense. After} Qe7 9. Bb2 a5 10. a3 Bd6 11. Qc2 Na6 $6 (11... c5 $1 $132)
12. Nh4 $1 c5 13. cxd5 Nxd5 14. Ne4 {Lenderman,A (2565)-Vallejo Pons,F (2715)
chess.com IoM Masters 2017, and White had Black exactly where he wanted him.})
8... Be7 ({After} 8... Bd6 9. b4 a5 10. c5 Be7 11. Bb2 Ba6 12. Ne5 Nfd7 {
White is slightly better, but Black usually fares well in these structures as
long as the light squared bishop does not get boxed in.}) 9. cxd5 exd5 10. b4
a5 $5 {This move surprised me a lot, since it leads to a pawn structure that
can only be better for White. However, there is more to chess than pawn
structures.} (10... c6 {preparing ...a5, would be the standard reaction here.
I cannot spot a clear way for White to keep an advantage here, but perhaps the
move in the game is just more challenging?!}) 11. b5 (11. Rb1 $6 axb4 12. axb4
Nc6 $1 13. b5 Nb4 {Firat,B (2480)-Pap,M (2490) 5th Pontevedra Open 2017, was
already promising for Black.}) 11... c6 $1 12. bxc6 Nxc6 {A highly unusual
position, where White would be better if only the Nd2 was on c3 instead.
Intuitively I would say that White is better if he can get control of the
light squares on the queenside (when White can continue with Bb2 and Ne5,
targeting the d5-pawn), but it is not that easy, at all.} 13. Bb2 (13. e3 b5
14. Ne5 Bd6 (14... a4 $5 {looks more to the point.}) 15. Bb2 a4 16. Qb1 Rb8 17.
Bc3 Ba8 18. Nxc6 Bxc6 {Wei,Y (2728)-Yu, Y (2749) Beijing 2017, and a draw was
agreed since White cannot blockade the b-pawn:} 19. Bb4 Qe7 20. Bxd6 Qxd6 21.
Nf3 b4 22. axb4 Rxb4 $132) (13. Rb1 {stopping b6-b5 for the time being, is
another possibility. After} Ba6 14. Re1 b5 15. Ne5 Nxd4 16. e3 Ne6 17. Nc6 Qd7
18. Nxe7+ Qxe7 19. Nb3 Ne4 20. Bb2 {White has some compensation for the pawn,
but hardly enough to claim an advantage.}) 13... a4 {Earlier champions of the
Black side have used a simple but effective game-plan; to push the a- and
b-pawns, while using the c4- and e4-squares as outposts, but we will see
Gelfand take a more flexible stand, waiting for the right moment to push.
White will try to coordinate his forces and - hopefully - set up a blockade on
b4. In order to achieve the latter, the Nc6 must be exchanged.} ({Gelfand
improves on a much earlier game:} 13... b5 {leaves White's knight with a route
to c5.} 14. Ne5 {...which is missed.} (14. Nb3 $5 Ne4 $1 15. Rc1 a4 $1 16. Nc5
Na5 17. Bc3 $1 (17. Nxb7 Nxb7 18. Ne5 Na5 $36 (18... Nbd6 19. Bc3)) 17... Nxc5
18. dxc5 Nc4 19. Qd4 Bf6 20. Qd3 {and I don't dare to make an objective
statement about the position. Unclear.}) 14... b4 15. axb4 Bxb4 16. Nd3 Qb6 17.
Rb1 Ba6 $132 {Danielian,V (2289)-Vlasov,E (2155) St Petersburg 1999.}) 14. Qb1
b5 15. Ne5 Qb6 ({Instead} 15... b4 16. axb4 Bxb4 {, can get messy after} 17.
Ndc4 {Gelfand keeps the threat of b5-b4 for a moment when it is more awkward
to meet.}) 16. Nxc6 Bxc6 17. Bc3 {Hooray!! White has succeeded in blockading
the b-pawn. That seems like a success, especially if we think of the bishop on
g2 as "good" and the one on c6 as "bad". But, we shouldn't think of it that
way. In fact, the bishop on g2 is not yet in the game, while Bc6 has easy
access to f5. In the meanwhile White's knight looks really out of place. It is
important for White not to celebrate the blockade for too long and forget
about the other guys.} Rfc8 18. e3 $6 {A slow move that adds little to White's
position. Why not play} (18. Bb4 $1 {immediately? Black has two choices:} Ra7
$1 {is clearly the best} (18... Qd8 19. Rc1 Bd7 20. Qb2 Qf8 21. Bxe7 Qxe7 22.
e3 {followed by Nd2-f3-e1/e5-d3, is much better than the game for White.}) 19.
Bh3 $1 Bxb4 $1 (19... Bd7 20. Bxe7 Bxh3 21. Bc5 $14) 20. Qxb4 Bd7 21. Bxd7 Rxd7
22. Rac1 Rdc7 23. Rxc7 Rxc7 24. Rb1 {and now with} Rc2 {Black's activity is
enough to keep the balance.}) (18. Rc1 $6 Bd7 $1 {and it becomes hard to play
Bb4.}) (18. Nf3 Be8 $1 19. Bb4 Bxb4 20. Qxb4 Rc4 $15) 18... Bd7 {Gelfand
continues to play purposeful moves.} 19. Bb4 Bxb4 20. Qxb4 {If only the knight
was on d3.} Rc7 $5 (20... Qc6 $5 {looks too contrived, but}) (20... Rc2 {
is a worthy alternative. Perhaps Gelfand wanted to have the queen in front of
the rook in case of exchanges on the c-file?!}) 21. Nf3 {It looks like White
is slowly succeeding in everything he'd dreamed of. Next the knight is going
to d3 via e5, no?} ({White is unable to challenge Black for control of the
c-file:} 21. Rfc1 Rac8 22. Rxc7 Qxc7 23. Nf3 Qc3 {and we get the kind of
position that Gelfand has been aiming for all along. Perhaps White can keep
this together, but the defence looks difficult.}) 21... Rac8 22. Ne5 Bf5 $1 {
That is painful for White. The knight is unable to go to d3 and the rook
cannot go to b1. What can he do?} 23. Ra2 {That looks sensible. The rook can
attack b5 from b2.} Ne4 $1 24. Rb2 Nc3 {Everything protected.} 25. Ra1 $2 {
White squanders his last chance to change the course of the game. If I was
White I would do anything within my power to avoid what went down:} (25. g4 $1
{suggests itself...} Bg6 $1 (25... Be6 $6 26. h3 f6 27. Nd3 Rc4 28. Qe7 R4c7
29. Qb4 Rc4 $11) 26. Re1 (26. f3 f6 27. Nxg6 hxg6 28. Re1 Kf7 $17) 26... h5 $5
(26... f6 $6 27. Nxg6 hxg6 28. Bf1 $15) 27. gxh5 Bf5 28. f3 Qh6 29. Bf1 Qxh5
30. Rg2 {and although Black is still better, it is less of a one sided affair.}
) 25... f6 26. Nf3 Kf7 $1 {Covering the e7-square with the least active piece
and setting up the threat of ...Rc4.} ({I prefer Gelfand's move to} 26... Rc4
27. Qe7 Qb8 28. Nh4 Bg4 29. h3 Re8 {which wins the queen, but is more prone to
random upsets after} 30. Qxe8+ Qxe8 31. hxg4 Qc8 32. Kh2 $17) 27. Rd2 $2 ({
It is understandable that White didn't like} 27. Nd2 Bd3 28. Re1 Qe6 $17 {
, but this is clearly the lesser of two evils.}) 27... Rc4 28. Qb2 Ne4 ({Here} 
28... b4 $1 29. axb4 Rxb4 30. Qc1 Ne2+ 31. Rxe2 Rxc1+ 32. Rxc1 Rb1 {would win
easily, but Gelfand knows that White is beyond saving anyway.}) 29. Re2 ({Or} 
29. Ne1 b4 30. Bxe4 Bxe4 31. axb4 Rxb4 32. Qa2 Qb5 {with complete domination.
The idea Bb1, Rcc4 and Rb3 is impossible to defend against.}) 29... b4 $1 30.
Nh4 Bg4 31. h3 (31. f3 b3 32. fxg4 Rc2 33. Rxc2 Rxc2 34. Qb1 b2 {doesn't end
well either.}) 31... Bxe2 32. Qxe2 g6 33. axb4 Qxb4 34. Qg4 Qb7 35. Bxe4 dxe4
36. Kg2 Rc2 37. d5 (37. Rf1 Rc1) 37... Rxf2+ 38. Kg1 (38. Kxf2 Qb2+) 38... f5
39. Qd1 Rcc2 40. Qd4 Qb2 {A haunting game that illustrates the power of a well
drafted game-plan.} 0-1